Statistiken für ABC (Alphabet) in Reihenfolge

Klicken Sie hier um das Quiz zu spielen!

Allgemein

  • Dieses Quiz wurde 2.593 mal gespielt
  • Das Durchschnittsergebnis liegt bei 24 aus 26

Antwortstatistiken

Buchtabe% Korrekt
a
99%
b
98%
d
98%
e
98%
c
97%
f
97%
g
96%
h
96%
i
96%
j
95%
k
95%
o
95%
q
95%
l
94%
m
93%
p
93%
r
93%
s
93%
n
92%
t
92%
u
92%
v
89%
w
89%
x
86%
y
85%
z
85%

Verteilung der Resultate

Perzentil nach korrekt beantworteten Fragen

Anzahl Personen mit jedem Resultat

Ihre Resultats-Entwicklung

Sie haben dieses Quiz noch nicht gespielt